000 00562nam a2200181Ia 4500
008 151018s9999 xx 000 0 und d
082 _bRBASDV2233
_a891.463
100 _aव्यंकटेश माडगुळकर
245 _aघरदार
250 _b1
260 _bवोरा अड कंपनी
_c1959
300 _a118
600 _aव्यंकटेश माडगुळकर
630 _aघरदार
700 _aव्यंकटेश माडगुळकर
730 _aघरदार
942 _cBOOK
999 _c1004656
_d1004653